La nueva teoría social en Hispanoamérica: Introducción a la Teoría de Sistemas Constructivista

Сохранить в:
Библиографические подробности
Главные авторы: Osorio González, Francisco (autor), González López, Sergio (Автор), Aguado López, Eduardo (Автор)
Другие авторы: Arnold Cathalifaud, Marcelo (autor)
Формат:
Язык:испанский
Опубликовано: Centro de Estudios de la Universidad Autónoma del Estado de México 2008
Редактирование:1a. ed
Серии:Colección Pensamiento Universitario, 11
Предметы:
Метки: Добавить метку
Нет меток, Требуется 1-ая метка записи!

MARC

LEADER 00000nam a2200000 a 4500
001 UCH9618
003 CL-VaPUC
005 20250312152532.0
008 100114e20080000mx |||||||||||||||||spa|d
999 |c 339539  |d 339537 
020 |a 9786074220087 
040 |c Pontificia Universidad Católica de Valparaíso 
082 0 4 |a 149  |b OSO  |2 21 
100 |a Osorio González, Francisco  |e autor  |9 546786 
245 1 3 |a La nueva teoría social en Hispanoamérica: Introducción a la Teoría de Sistemas Constructivista 
250 |a 1a. ed 
260 |b Centro de Estudios de la Universidad Autónoma del Estado de México  |c 2008 
300 |a 358 p 
490 0 |a Colección Pensamiento Universitario, 11 
583 |a last modification  |c 20130812 02:33:43  |k Rodrigo Vera 
650 7 |a TEORIA GENERAL DE SISTEMAS  |2 CL-VaPUC  |9 426323 
650 0 |a Constructivismo  |9 268156 
650 0 |a Autopoiesis  |9 519762 
700 0 |a Arnold Cathalifaud, Marcelo  |e autor  |9 879018 
700 0 |a González López, Sergio  |e author  |9 546788 
700 0 |a Aguado López, Eduardo  |e author  |9 546789 
942 |c BK  |2 ddc 
945 |d 20100114 00:00:00  |a dcastane 
952 |0 0  |1 0  |4 0  |6 149_000000000000000_OSO_2008  |7 0  |8 A  |9 433240  |a BIBGIM  |b BIBGIM  |d 2019-11-22  |i 4634306  |o 149 OSO 2008  |p 4634306  |r 2025-01-15  |w 2019-11-22  |y BK  |k SSL